| 000 | 00508pab a2200181 454500 | ||
|---|---|---|---|
| 008 | 180718b2014 xxu||||| |||| 00| 0 eng d | ||
| 100 | _aHowlett, Michael | ||
| 245 | _aFrom the 'old' to the 'new' policy design: design thinking beyond markets and collaborative governance | ||
| 260 | _c2014 | ||
| 300 | _ap.187-207. | ||
| 362 | _aSep | ||
| 520 | _a | ||
| 650 | _aPolicy formulation | ||
| 650 | _aPolicy design | ||
| 650 | _aPublic policy | ||
| 773 | _aPolicy Sciences | ||
| 909 | _a107326 | ||
| 999 |
_c107321 _d107321 |
||